Phục tráng giống lúa 42 đỏ chịu mặn cho vùng đất canh tác lúa ảnh hưởng mặn của tỉnh Bạc Liêu

Guardat en:
Dades bibliogràfiques
Autor principal: Nguyễn, Duy Cần
Autor corporatiu: Trường Đại học Cần Thơ, Viện Nghiên cứu phát triển đồng bằng sông Cửu Long
Format: Llibre
Idioma:Undetermined
Publicat: Cần Thơ Đại học Cần Thơ 2006
Matèries:
Etiquetes: Afegir etiqueta
Sense etiquetes, Sigues el primer a etiquetar aquest registre!
Thư viện lưu trữ: Trung tâm Học liệu Trường Đại học Cần Thơ
LEADER 00830nam a2200217Ia 4500
001 CTU_129778
008 210402s9999 xx 000 0 und d
082 |a 633.18 
082 |b C121 
100 |a Nguyễn, Duy Cần 
110 |a Trường Đại học Cần Thơ 
110 |b Viện Nghiên cứu phát triển đồng bằng sông Cửu Long 
245 0 |a Phục tráng giống lúa 42 đỏ chịu mặn cho vùng đất canh tác lúa ảnh hưởng mặn của tỉnh Bạc Liêu 
245 0 |c Chủ nhiệm đề tài: Nguyễn Duy Cần 
260 |a Cần Thơ 
260 |b Đại học Cần Thơ 
260 |c 2006 
650 |a Rice,Rice 
650 |x Varieties,Research 
904 |i Giang 
980 |a Trung tâm Học liệu Trường Đại học Cần Thơ